|
|
|
|
| LEADER |
00000nab a2200000 a 4500 |
| 001 |
vtls000757694 |
| 003 |
SK-MaSNL |
| 005 |
20260304050115.0 |
| 008 |
040806c2001 xo 0 slo |
| 015 |
|
|
|a SNBRB2001/05-15904
|
| 035 |
|
|
|a CLN000109481
|
| 040 |
|
|
|a SNKBUCL
|b slo
|c SNKBUCL
|e AACR2
|
| 041 |
0 |
|
|a slo
|
| 044 |
|
|
|a xo
|c SK
|
| 080 |
|
|
|a 327.321:323.2(437.6)
|2 UDC-MRF-SK2
|
| 080 |
|
|
|a 323.233(437.6)
|2 UDC-MRF-SK2
|
| 245 |
0 |
0 |
|a Na prvomájových mítingoch opäť sľubovali, že ...
|b Mikloš a Harach podľa Ftáčnika nezabezpečujú systémové ...
|c [autori] (iba, pl, kra)
|
| 300 |
|
|
|b Fotogr.
|
| 648 |
|
7 |
|a 2001
|2 snkbucl
|9 296180
|
| 650 |
0 |
7 |
|a Prvý máj
|2 snkbucl
|9 29765
|
| 651 |
|
7 |
|a Slovensko
|2 snkbucl
|
| 655 |
|
7 |
|a články z novín a časopisov
|2 snkbucl
|9 267496
|
| 773 |
0 |
|
|t Národná obroda
|g Roč. 12, č. 100 (2.5.2001), s. 2
|
| 850 |
|
|
|a Slovenská národná knižnica v Martine
|
| 852 |
|
|
|a SNK
|b KIS3GCP
|
| 999 |
|
|
|c 2696521
|d 2698451
|